000 00507nam a2200181Ia 4500
008 090124s9999 xx 000 0 und d
082 _b125450
100 _aफडणीस गजानन
245 _a तो राजहंस एक
250 _a1
260 _c1992
300 _a226
600 _aफडणीस गजानन
630 _a तो राजहंस एक
700 _aफडणीस गजानन
730 _a तो राजहंस एक
942 _cBOOK
999 _c171538
_d171538